Employability & Competences (Record no. 190015)

MARC details
000 -LEADER
fixed length control field 00458nmm a2200145Ia 4500
020 ## - INTERNATIONAL STANDARD BOOK NUMBER
ISBN 9788864536729
245 #0 - TITLE STATEMENT
Title Employability & Competences
260 ## - PUBLICATION, DISTRIBUTION, ETC. (IMPRINT)
Place of publication Firenze University Press
Year of publication 2018
650 ## - SUBJECT ADDED ENTRY--TOPICAL TERM
Topical Term Studies on Adult Learning and Education
700 ## - ADDED ENTRY--PERSONAL NAME
Personal name Boffo, Vanna||Fedeli , Monica
856 ## - ELECTRONIC LOCATION AND ACCESS
Uniform Resource Identifier https://directory.doabooks.org/handle/20.500.12854/82451
942 ## - ADDED ENTRY ELEMENTS (KOHA)
Koha item type
Holdings
Withdrawn status Lost status Damaged status Not for loan Permanent Location Current Location Date acquired Price effective from Koha item type
        Library and Documentation Division NCERT Library and Documentation Division NCERT 11/20/2024 11/20/2024